000 00737cam a22002411 4500
001 he 67000222
003 DLC
005 20260227111443.0
008 830428s1964 is 000 0 heb
010 _ahe 67000222
035 _a(OCoLC)19147161
040 _aDLC
_cMH
_dDLC
050 0 0 _aPG7158.A7
_bI316
100 1 _aAndrzejewski, Jerzy,
_d1909-1983.
240 1 0 _aIdzie skacząc po górach.
_lHebrew
245 1 0 _aMedaleg ʻal he-harim /
_cY. Andzheyevsḳi ; ʻIvrit Binyamin Ṭene.
260 _aMerḥavyah :
_bSifriyat poʻalim,
_c[1964]
300 _a196 p. ;
_c22 cm.
490 0 _aDukhifat
500 _aAdded t.p.: Idzie skacząc po górach.
700 1 _aTene, Benjamin,
_d1914-1999.
752 _aIsrael
_dMerḥavyah
999 _c32117
_d32117